| 000 | 00440nam a2200181Ia 4500 | ||
|---|---|---|---|
| 008 | 170918s9999 xx 000 0 und d | ||
| 020 | _a9780575096295 | ||
| 050 | _bP912 1990 | ||
| 100 | _aPratchett, Terry | ||
| 245 | 4 | _aThe illustrated eric / | |
| 245 | _cby Terry Pratchett. | ||
| 260 | _aGreat Britain : | ||
| 260 | _bGreat Britain, | ||
| 260 | _c1990 | ||
| 300 | _a163 pages : | ||
| 300 | _billustrations ; | ||
| 300 | _c19cm. | ||
| 999 |
_c343617 _d343617 |
||